Every Single Fortnite Skin Ever - Statistics

General Stats
  • This quiz has been taken 287 times
  • The average score is 19 of 100
Answer Stats
Hint Answer % Correct
Legendary Black Knight
60%
Legendary Omega
57%
Epic Skull Trooper
52%
Uncommon Renegade
49%
Legendary Red Knight
48%
Legendary The Reaper
46%
Legendary Carbide
41%
Legendary Raven
41%
Epic Ghoul Trooper
40%
Legendary Crackshot
39%
Legendary Cuddle Team Leader
39%
Rare Renegade Raider
37%
Legendary Dark Voyager
34%
Legendary Raptor
33%
Legendary Love Ranger
32%
Legendary Rex
31%
Rare Recon Expert
29%
Rare Brite Bomber
28%
Legendary Valor
28%
Rare Blue Squire
27%
Epic Sparkle Specialist
27%
Epic Zoey
27%
Legendary Battle Hound
26%
Epic Rust Lord
25%
Legendary Wukong
25%
Epic Elite Agent
24%
Epic Mission Specialist
24%
Uncommon Nog Ops
24%
Epic Merry Marauder
23%
Epic Battlehawk
22%
Legendary Tricera Ops
22%
Epic Funk Ops
21%
Epic Ginger Gunner
21%
Epic Squad Leader
21%
Epic Tomatohead
21%
Uncommon Assault Trooper
20%
Epic Brite Gunner
20%
Rare Codename ELF
20%
Legendary Dark Vanguard
20%
Epic Moonwalker
20%
Rare Royale Knight
20%
Legendary Power Chord
19%
Epic Teknique
19%
Rare Aerial Assault Trooper
17%
Uncommon Commando
17%
Legendary Leviathan
16%
Epic Shadow Ops
16%
Uncommon Whiplash
16%
Epic Rabbit Raider
15%
Rare Recon Specialist
15%
Uncommon Trooper
15%
Epic Alpine Ace
14%
Epic Bunny Brawler
14%
Uncommon Nitelite
14%
Rare Red Nosed Raider
14%
Uncommon Yuletide Ranger
14%
Epic Burnout
13%
Legendary Havoc
12%
Uncommon Lite Show
12%
Rare Midnight Ops
12%
Uncommon Ranger
12%
Epic Rogue Agent
12%
Uncommon Scout
12%
Rare Survival Specialist
12%
Rare Absolute Zero
11%
Rare Dazzle
11%
Rare Desperado
11%
Uncommon Jungle Scout
11%
Epic Mogul Master
11%
Rare Recon Scout
11%
Rare Brawler
10%
Rare Munitions Expert
10%
Uncommon Pathfinder
10%
Uncommon Tower Recon Specialist
10%
Rare Blue Team Leader
9%
Rare Chromium
9%
Rare Circuit Breaker
9%
Uncommon Highrise Assault Trooper
9%
Rare Hyperion
9%
Uncommon Scarlet Defender
9%
Uncommon Sgt Green Clover
9%
Rare Special Forces
9%
Uncommon Tracker
9%
Uncommon Devastator
8%
Rare Diecast
8%
Uncommon Dominator
8%
Rare First Strike Specialist
8%
Epic Highland Warrior
8%
Rare Infiltrator
8%
Epic Sub Commander
8%
Uncommon Tactics Officer
8%
Rare Brilliant Striker
7%
Rare Cipher
7%
Uncommon Crimson Scout
7%
Rare Radiant Striker
7%
Epic Steelsight
7%
Rare Arctic Assasin
5%
Epic Trail Blazer
5%
Rare Sash Sergent
3%
Rare Snorkle Ops
3%
No matching quizzes found
Score Distribution
Percent of People with Each Score
Percentile by Number Answered
Your Score History
You have not taken this quiz